000 01140nam a2200241 a 4500
001 78292
003 BD-RjUL
005 20211209083120.0
008 210905s1994 bg ||||| |||| 00| 0 ben d
035 _a(BD-RjUL)78518
040 _aBD-RjUL
_beng
_cBD-RjUL
041 _aben
082 _223
_a330.9549205
_bKHB 1994
100 _a খান, মনজুর আলী
_9247383
245 1 0 _aবাংলাদেশের অর্থনীতি :
_bকাঠামো ও উন্নয়ন /
_cমো: মনজুর আলী খান, আ. স. ম. সালাহউদ্দীন এবং মুহাম্মদ কামরুল ইসলাম
260 _aঢাকা :
_bহাসান বুক হাউস,
_c১৯৯৪
300 _a৭৪৬ পৃ.;
_c২৪ সেমি.
651 _aবাংলাদেশ
_xঅর্থনৈতিক অবস্থা
_9247384
651 _aBanglades
_xEconomic conditions
_9211592
700 _aসালাহউদ্দীন, আ. স. ম
_9247389
700 _aইসলাম, মুহাম্মদ কামরুল
_9247390
942 _2ddc
_cBK
999 _c78292
_d78292